000 00578nam a2200181Ia 4500
003 IEPS
005 20251215124428.0
008 250223s9999||||xx |||||||||||||| ||und||
020 _a9771010921
040 _cIEPS
041 _aara
082 _a375
100 _aشوق محمد أحمد
245 0 _aالاتجاهات الحديثة في تخطيط المناهج الدراسية في ضوء التوجيهات الاسلامية
260 _aالقاهرة
_bدار الفكر العربي
_c2001
300 _a466 ص.
_bمخططات
_c24 سم.
942 _cكتاب
_2ddc
999 _c12379
_d12379